All australian funny and frightful verse

Sparad:
Bibliografiska uppgifter
Övriga upphovsmän: Glenys Smith
Materialtyp: Bok
Språk:English
Publicerad: Australia Ashton Scholastic 1987
Ämnen:
Taggar: Lägg till en tagg
Inga taggar, Lägg till första taggen!
Thư viện lưu trữ: Trung tâm Học liệu Lê Vũ Hùng, Trường Đại học Đồng Tháp
LEADER 00758pam a22002418a 4500
001 00024245
005 20171026081022.0
008 110716s1987 ||||||engsd
020 # # |a 0 86896 284 8 
041 0 # |a eng 
082 1 4 |a 590  |b A100L 
245 0 0 |a All australian funny and frightful verse  |c Deborah Niland illuctrated; Glenys Smith selected 
260 # # |a Australia  |b Ashton Scholastic  |c 1987 
300 # # |a 32 p.  |b ill.  |c 28 cm. 
650 # 4 |a Australian 
650 # 4 |a Động vật 
650 # 4 |a Vui nhộn 
650 # 4 |a Hài hước 
700 1 # |a Glenys Smith 
852 # # |j KD.0008684 
852 # # |b Kho đọc  |j KD.0008684 
910 0 # |a Ntuyet  |d 16/07/2011 
980 # # |a Trung tâm Học liệu Lê Vũ Hùng, Trường Đại học Đồng Tháp